000 00569nam a2200241 a 4500
001 nice12345678
003 IN_TiNIC
005 20260116011313.0
008 050524s1922 lona grp 000 0 eng
020 _a
_c100
082 0 0 _a297.09
_bSTO
100 _aStoddard, Lothrop
245 _aNew World of Islam
260 _aLondon
_bChapman and Hall Ltd.
_c1922
300 _a306p.
500 _aincludes index and biblioraphy
505 2 _aIndex
650 _aIslam-History
700 1 _aStoddard, Lothrop
902 _bSRS
942 _cBK
999 _c332
_d332